Language Quiz

Random Language or Numbers Quiz
Score 0/20 Timer 02:00
0 Plays Today
Prefix % Correct
tri-
94.9%
tri-
94.3%
octo-
89.7%
octo-
89.7%
bi-
87.6%
decem-
81.7%
novem-
79.8%
di-
79.2%
deca-
76.9%
septem-
71.7%
Prefix % Correct
penta-
68.5%
hexa-
66.8%
uni-
66.3%
quadri-
61.1%
hepta-
52.7%
mono-
50.7%
quinque-
46.8%
tetra-
30.2%
sexa-
28.5%
ennea-
7.5%
Remove Ads.
Support Sporcle.
Get the best of Sporcle when you Go Orange. This ad-free experience offers more features, more stats, and more fun while also helping to support Sporcle. Thank you for becoming a member.

You're not logged in!

Compare scores with friends on all Sporcle quizzes.
OR
Log In

Show Comments

Extras

Top Quizzes Today


Score Distribution

Your Account Isn't Verified!

In order to create a playlist on Sporcle, you need to verify the email address you used during registration. Go to your Sporcle Settings to finish the process.

Report this User

Report this user for behavior that violates our Community Guidelines.

Details: